| 000 | 00000nam 2200000zi 4500 |
| 001 | 9.947148 |
| 003 | CaOODSP |
| 005 | 20250120152302 |
| 006 | m o d f |
| 007 | cr |n||||||||| |
| 008 | 250120s2024 onc obs f|0| 0 eng d |
| 020 | |a9780660740041|q(incorrect) |
| 040 | |aCaOODSP|beng|erda|cCaOODSP |
| 043 | |an-cn--- |
| 086 | 1 |aPS83-5/R480E-PDF|zPS83-3/480E-PDF |
| 245 | 00|aInfectious diseases, risk behaviours, and harm-reduction in women's institutions : |bfindings from the 2022 National Health Survey. |
| 264 | 1|a[Ottawa] : |bCorrectional Service Canada = Service correctionnel Canada, |c[2024] |
| 300 | |a1 online resource (1 page). |
| 336 | |atext|btxt|2rdacontent |
| 337 | |acomputer|bc|2rdamedia |
| 338 | |aonline resource|bcr|2rdacarrier |
| 490 | 1 |aResearch at a glance ; |vR-480 |
| 500 | |aIssued also in French under title: Maladies infectieuses, comportements à risque et réduction des risques dans les établissements pour femmes : constatations de l’Enquête nationale sur la santé de 2022. |
| 500 | |aCaption title. |
| 504 | |aIncludes bibliographical references. |
| 650 | 0|aWomen prisoners|xDiseases|zCanada|vStatistics. |
| 650 | 0|aWomen prisoners|xServices for|zCanada|vStatistics. |
| 655 | 7|aStatistics|2lcgft |
| 710 | 2 |aCorrectional Service Canada, |eissuing body. |
| 775 | 08|tMaladies infectieuses, comportements à risque et réduction des risques dans les établissements pour femmes : |w(CaOODSP)9.947151 |
| 830 | #0|aResearch at a glance (Correctional Service Canada)|vR-480.|w(CaOODSP)9.506649 |
| 856 | 40|qPDF|s244 KB|uhttps://publications.gc.ca/collections/collection_2025/scc-csc/PS83-5-R480-eng.pdf |